| 000 | nam a22 7a 4500 | ||
|---|---|---|---|
| 999 |
_c29629 _d29629 |
||
| 008 | 180427b xxu||||| |||| 00| 0 eng d | ||
| 050 |
_aHB172.5 _b .G83 2015 |
||
| 100 | _aGwartney James .A | ||
| 245 |
_aMacroeconomics / _bPrivate and Public Choice , _cJames A. Gwartney ...[et al.]. |
||
| 250 | _a15th ed. | ||
| 260 |
_aAustralia : _bCengage Learning , _cc2015 . |
||
| 300 |
_axxvi,500p; _bill, [some col. ] ; _c27cm. |
||
| 440 |
_aMacroeconomics _x9781305043336 |
||
| 500 | _aInclude Index. | ||
| 650 | _aMacroeconomics. | ||
| 942 |
_2lcc _cBOOKS _hHB172.5 .G83 2015 _k38250 |
||